Biological water quality assessment

Bewaard in:
Bibliografische gegevens
Formaat: Boek
Taal:Undetermined
Gepubliceerd in: England Longman Group Limited 1981
Onderwerpen:
Tags: Voeg label toe
Geen labels, Wees de eerste die dit record labelt!
Thư viện lưu trữ: Trung tâm Học liệu Trường Đại học Cần Thơ
LEADER 00525nam a2200169Ia 4500
001 CTU_150715
008 210402s9999 xx 000 0 und d
082 |a 363.7394 
082 |b B615 
245 0 |a Biological water quality assessment 
260 |a England 
260 |b Longman Group Limited 
260 |c 1981 
650 |a Aquaculture,Nuôi trồng thủy sản 
650 |x Environmental aspects,Khía cạnh môi trường 
904 |i Trọng Hải 
980 |a Trung tâm Học liệu Trường Đại học Cần Thơ